| 000 | 00677nam a2200241 i 4500 | ||
|---|---|---|---|
| 001 | bg | ||
| 100 | 1 | _aMORLEY, John | |
| 245 | 1 | 0 |
_aWords for ideas : _bstudent's book / _cJohn Morley, Ian Pople. |
| 260 |
_aNewbury : _bExpress Publ., _c2004. |
||
| 300 |
_a101 s. ; _c28 cm. |
||
| 650 | 9 | _aJęzyk angielski | |
| 650 | 9 |
_aJęzyk angielski _xnauczanie |
|
| 655 | _aPodręczniki | ||
| 700 | 1 | _aPOPLE, Ian | |
| 020 | _a1844668401 | ||
| 040 | _cBPK | ||
| 041 | 0 | _aeng | |
| 080 | _a372.881.111.1:811.111(07) | ||
| 920 | _a1-84466-840-1 | ||
| 942 | _cKS | ||
| 008 | s pl f |000 0 pol | ||
| 999 |
_c46241 _d46241 |
||